000 00933nam a2200253Ia 4500
003 OSt
005 20221005113158.0
006 a|||||r|||| 00| 0
007 ta
008 221004b |||||||| |||| 00| 0 pan d
020 _a9788190495639 (hbk)
_c400
024 _a17581
037 _b907, 11/03/2015, H.K. Prakashan
_cTextual
040 _aCRL
_cCRL
_bpan
041 _2pan
_apan
082 _aQ8441wI69, 153Q0;Q4
100 _aਸਿੰਘ, ਵੀਰ, ਥਦ.
245 0 _aਪੁਰਾਤਨ ਜਨਮ ਸਾਥਲ
_b ਸ੍ਰੀ ਗੁਰੂ ਨਾਨਕ ਦੇਵ ਜੀ
260 _aਨਵੀ੍ਵ
_bਦਿੱਲੀ ਭਾਈ ਵੀਰ ਸਿੰਘ ਸਾਹਿਤ ਸਦਨ ਭਾਰਤ
_c2014
300 _a195ਪੰ
_ccm.
650 _aਧਰਮ
942 _hQ8441wI69, 153Q0;Q4
_cTEXL
_2cc
999 _c1027308
_d1027308